Les mers d'Europe - Statistiques

Statistiques générales
  • Ce quiz a été pris 127 fois
  • Le résultat moyen est 11 sur 40
Réponses sur la Carte
Les réponses sont colorées sur une échelle allant du rouge au vert en fonction du pourcentage des utilisateurs qui les ont devinées à leur premier essai. Vous pouvez retrouver ces pourcentages ci-dessous.
 
Statistiques - réponses
Réponses % Correct
Mer du Nord
86%
Manche
81%
Mer Noire
79%
Mer Méditerranée
77%
Mer Baltique
73%
Mer Adriatique
66%
Mer d'Irlande
52%
Golfe de Gascogne
42%
Mer de Norvège
42%
Mer Égée
41%
Mer des Baléares
34%
Mer Tyrrhénienne
34%
Mer Blanche
33%
Mer Ionienne
33%
Mer de Sardaigne
27%
Mer d'Azov
26%
Mer d'Écosse
25%
Mer de Marmara
25%
Mer de Crète
23%
Mer d'Iroise
23%
Mer Celtique
22%
Mer de Sicile
21%
Golfe de Finlande
19%
Golfe de Botnie
18%
Mer de Ligurie
18%
Golfe de Riga
16%
Golfe du Lion
16%
Mer de Barents
15%
Golfe de Venise
12%
Mer d'Alboran
11%
Golfe de Gênes
10%
Mer des Hébrides
10%
Mer de Thrace
8%
Baie de Gdansk
5%
Golfe de Corinthe
5%
Baie de Botnie
4%
Mer des Wadden
4%
Mer de Myrto
3%
Golfe Saronique
1%
Golfe de Thermaïque
0%
Aucun quiz correspondant
Distribution des résultats
% des personnes avec chaque résultat
Percentile par nombre de réponses
Votre historique - résultats
Vous n’avez pas pris ce quiz